|
|
|
|
| LEADER |
00000naa2a2200000 4500 |
| 001 |
388983 |
| 005 |
20231101063818.0 |
| 035 |
|
|
|a (RuTPU)RU\TPU\prd\20757
|
| 090 |
|
|
|a 388983
|
| 100 |
|
|
|a 20031222a2003 k y0rusy50 ca
|
| 101 |
0 |
|
|a rus
|
| 102 |
|
|
|a RU
|
| 200 |
1 |
|
|a Информационные технологии моделирования и динамического управления в многоуровневых сетях коммутации каналов
|f С. В. Антонов, В. Н. Захаров, М. Г. Коновалов и др.
|
| 225 |
1 |
|
|a Использование ресурсов МВОС
|
| 320 |
|
|
|a Библиогр.: 5 назв.
|
| 461 |
|
1 |
|0 (RuTPU)RU\TPU\prd\1139
|t Наукоемкие технологии
|o научно-технический журнал
|d 2001-
|
| 463 |
|
1 |
|0 (RuTPU)RU\TPU\prd\16243
|t № 4
|v С. 70-78
|d 2003
|
| 610 |
1 |
|
|a многоуровневые сети
|
| 610 |
1 |
|
|a каналы
|
| 610 |
1 |
|
|a коммутация
|
| 610 |
1 |
|
|a информационные технологии
|
| 610 |
1 |
|
|a трафики
|
| 610 |
1 |
|
|a моделирование
|
| 610 |
1 |
|
|a междугородная проводная связь
|
| 610 |
1 |
|
|a алгоритмы обеспечения
|
| 610 |
1 |
|
|a динамическое управление
|
| 675 |
|
|
|a 681.327
|v 3
|
| 701 |
|
1 |
|a Антонов
|b С. В.
|
| 701 |
|
1 |
|a Захаров
|b В. Н.
|
| 701 |
|
1 |
|a Коновалов
|b М. Г.
|
| 701 |
|
1 |
|a Соколов
|b И. А.
|
| 701 |
|
1 |
|a Шоргин
|b С. Я.
|
| 801 |
|
1 |
|a RU
|b 63413507
|c 20031222
|g PSBO
|
| 942 |
|
|
|c BK
|